Clinical guidelines: from conception to use (Record no. 37604)

MARC details
000 -LEADER
fixed length control field 00705nam a2200193 a 4500
008 - FIXED-LENGTH DATA ELEMENTS--GENERAL INFORMATION
fixed length control field 090326s2000 ||||||||||||||||| || u
020 ## - INTERNATIONAL STANDARD BOOK NUMBER
International Standard Book Number 1857754263
050 ## - LIBRARY OF CONGRESS CALL NUMBER
Classification number RC 46 Cli
100 ## - MAIN ENTRY--PERSONAL NAME
Personal name Grimshaw, Jeremy
245 10 - TITLE STATEMENT
Title Clinical guidelines: from conception to use
Statement of responsibility, etc. edited by Martin Eccles and Jeremy Grimshaw
260 ## - PUBLICATION, DISTRIBUTION, ETC.
Place of publication, distribution, etc. Adington, OX
Name of publisher, distributor, etc. Radcliff Medical P
Date of publication, distribution, etc. 2000
300 ## - PHYSICAL DESCRIPTION
Extent 120p.
350 ## - PRICE (NR) (BK AM CF MU VM SE) [OBSOLETE]
Price 0.00
650 ## - SUBJECT ADDED ENTRY--TOPICAL TERM
Topical term or geographic name entry element MEDICINE
650 ## - SUBJECT ADDED ENTRY--TOPICAL TERM
Topical term or geographic name entry element CLINICAL MEDICINE--STANDARDS
650 ## - SUBJECT ADDED ENTRY--TOPICAL TERM
Topical term or geographic name entry element MEDICAL PROTOCOLS
700 ## - ADDED ENTRY--PERSONAL NAME
Personal name Eccles, Martin
995 ## - RECOMMENDATION 995 [LOCAL, UNIMARC FRANCE]
-- 0.00
-- CBU-MAIN LIBRARY (Kitwe)
-- 1
-- 0.00
-- 1
-- AVAILABLE
-- Jun 25, 2009
-- Annex Low-Usage Collection
Holdings
Withdrawn status Lost status Source of classification or shelving scheme Damaged status Not for loan Home library Current library Shelving location Date acquired Total Checkouts Full call number Barcode Date last seen Price effective from Koha item type
          CBU-MAIN LIBRARY, KITWE. CBU-MAIN LIBRARY, KITWE.   11/30/2022   RC 46 Cli 739902 11/30/2022 11/30/2022 MONOGRAPH